| 000 | 00674nac a22001691u 4500 | ||
|---|---|---|---|
| 008 | 080813s2000 ts|||||r|||| 000 0 ara d | ||
| 082 |
_a003 _bج ل ي _222 |
||
| 110 |
_a Al Mogamaa Al Thakafey _916338 |
||
| 245 |
_aالفوضي : _bصنع علم جديد / _cجيمس جليك ; ترجمة سامي الشاهد . |
||
| 260 |
_aأبو ظبي : _bالمجمع الثقافي ,2000. _c2000. |
||
| 300 |
_a395 ص.; _bايض ; _c24 سم. |
||
| 500 | _aترجمة لكتاب Chaos by James Gleick | ||
| 511 | _aCatalogued by: Sara | ||
| 541 |
_aمكتبة الاسكندرية ؛ _cإهداء؛ |
||
| 650 |
_aالعلوم - تاريخ _98638 |
||
| 942 |
_cBB _k003 ج ل ي _2ddc |
||
| 999 |
_c6519 _d6519 |
||